000 00606nam a2200193Ia 4500
003 GCL
008 140319s9999 xx 000 0 ara d
040 _aGCL /
_cGCL
082 0 4 _a327.172
_bا ا
100 1 _aامين هويدى
245 1 0 _aازمة الخليج: ازمة الامن القومى العربى لمن تدق الاجراس /
_cامين هويدى
260 _a[S.N] :
_bدار الشروق ،
_c1991
300 _a95 ص
490 _a
650 0 4 _aالعالم العربى
650 0 4 _aالاحوال السياسية
650 0 4 _aالامن القومى
942 _2ddc
_cBK
999 _c28085
_d28085